Southville International School and Colleges
Your cart is empty.
  • Cart
  • Lists
    Public lists Eva Luna New books Lux_list list_1
    Your lists Log in to create your own lists
  • Log in to your account
  • Your cookies
  • Search history
Southville International School and Colleges
  • Advanced search
  • Recent comments
  • Most popular
  • Libraries

Log in to your account

Log in with GOOGLE


If you do not have an external account, but do have a local account, you can still log in:

  1. Home
  2. MARC view: City! Washington, D.C /
Normal view MARC view ISBD view

City! Washington, D.C / (Record no. 15309)

[ view plain ]
MARC details
000 -LEADER
fixed length control field 01416cam a2200385 a 4500
001 - CONTROL NUMBER
control field 1526510
003 - CONTROL NUMBER IDENTIFIER
control field OSt
005 - DATE AND TIME OF LATEST TRANSACTION
control field 20140310182718.0
008 - FIXED-LENGTH DATA ELEMENTS--GENERAL INFORMATION
fixed length control field 900531s1991 nyua j 001 0 eng
010 ## - LIBRARY OF CONGRESS CONTROL NUMBER
LC control number 90040524
020 ## - INTERNATIONAL STANDARD BOOK NUMBER
International Standard Book Number 0027190366 :
Terms of availability $16.95
040 ## - CATALOGING SOURCE
Original cataloging agency DLC
Transcribing agency DLC
Modifying agency DLC
042 ## - AUTHENTICATION CODE
Authentication code lcac
043 ## - GEOGRAPHIC AREA CODE
Geographic area code n-us-dc
050 00 - LIBRARY OF CONGRESS CALL NUMBER
Classification number JK 2725
Item number .C639 1990
082 00 - DEWEY DECIMAL CLASSIFICATION NUMBER
Classification number M 917. 53044
-- C61 1990
100 1# - MAIN ENTRY--PERSONAL NAME
Personal name Climo, Shirley.
245 10 - TITLE STATEMENT
Title City! Washington, D.C /
Statement of responsibility, etc Climo, Shirley
250 ## - EDITION STATEMENT
Edition statement 1st ed.
260 ## - PUBLICATION, DISTRIBUTION, ETC. (IMPRINT)
Place of publication, distribution, etc New York :
Name of publisher, distributor, etc Macmillan ;
Place of publication, distribution, etc Toronto :
Name of publisher, distributor, etc Collier Macmillan :
Place of publication, distribution, etc New York :
Name of publisher, distributor, etc Maxwell Macmillan International,
Date of publication, distribution, etc c1991.
300 ## - PHYSICAL DESCRIPTION
Extent 59 p. :
Other physical details col. ill. ;
Dimensions 24 cm.
500 ## - GENERAL NOTE
General note Includes index.
520 ## - SUMMARY, ETC.
Summary, etc Describes the building, history, and significant sights of Washington, D.C.
521 ## - TARGET AUDIENCE NOTE
Target audience note
526 ## - STUDY PROGRAM INFORMATION NOTE
Reading level 0L to 1700L
541 ## - IMMEDIATE SOURCE OF ACQUISITION NOTE
-- 1
562 ## - COPY AND VERSION IDENTIFICATION NOTE
Number of copies for circulation. 1 copy available in the collection
651 #0 - SUBJECT ADDED ENTRY--GEOGRAPHIC NAME
Geographic name Washington (D.C.)
General subdivision Guidebooks
-- Juvenile literature.
651 #0 - SUBJECT ADDED ENTRY--GEOGRAPHIC NAME
Geographic name Washington (D.C.)
General subdivision Juvenile literature.
651 #1 - SUBJECT ADDED ENTRY--GEOGRAPHIC NAME
Geographic name Washington (D.C.)
700 1# - ADDED ENTRY--PERSONAL NAME
Personal name Ancona, George,
Relator term ill.
906 ## - LOCAL DATA ELEMENT F, LDF (RLIN)
a 7
b cbc
c orignew
d 1
e ocip
f 19
g y-gencatlg
942 ## - ADDED ENTRY ELEMENTS (KOHA)
Source of classification or shelving scheme Library of Congress Classification
Koha item type Books
Call number prefix
Holdings
Withdrawn status Lost status Source of classification or shelving scheme Damaged status Home library Current library Shelving location Date acquired Total Checkouts Full call number Barcode Date last seen Copy number Price effective from Koha item type
    Library of Congress Classification   College Library College Library General Circulation Section 04/20/2012   JK 2725 .C639 1990 c1846 05/15/2018 1 04/20/2012 Books

City! Washington, D.C /

APA

Climo S., Ancona G., . (1991). City! Washington, D.C. New York: Macmillan.

Chicago

Climo Shirley, Ancona George, . 1991. City! Washington, D.C. New York: Macmillan.

Harvard

Climo S., Ancona G., . (1991). City! Washington, D.C. New York: Macmillan.

MLA

Climo Shirley, Ancona George, . City! Washington, D.C. New York: Macmillan. 1991.

  • Place hold
  • Print
  • Cite
  • Add to your cart (remove)
  • Save record
    BIBTEX Dublin Core MARCXML MARC (non-Unicode/MARC-8) MARC (Unicode/UTF-8) MARC (Unicode/UTF-8, Standard) MODS (XML) RIS
  • More searches
    Search for this title in:
    Other Libraries (WorldCat) Other Databases (Google Scholar) Online Stores (Bookfinder.com) Open Library (openlibrary.org)

Exporting to Dublin Core...

SOUTHVILLE LIBRARY

Southville International School and Colleges Library

1281 Tropical Ave. Cor. Luxembourg St., BF Homes International, Las Pinas City

Tel. No. 8256374 / 252358 Loc. 117/146

Powered by Koha